Super Sentai Series - Statistics

General Stats
  • This quiz has been taken 52 times
  • The average score is 31 of 47
Answer Stats
Hint Answer % Correct
1979 - 1980 Battle Fever J
97%
1975 - 1977 Himitsu Sentai Goranger
90%
2009 - 2010 Samurai Sentai Shinkenger
74%
1981 - 1982 Taiyo Sentai Sun Vulcan
74%
2003 - 2004 Bakuryuu Sentai Abaranger
71%
2008 - 2009 Engine Sentai Go-Onger
71%
2001 - 2002 Hyakujuu Sentai Gaoranger
71%
2005 - 2006 Mahou Sentai Magiranger
71%
2004 - 2005 Tokusou Sentai Dekaranger
71%
1984 - 1985 Choudenshi Bioman
68%
1991 - 1992 Choujin Sentai Jettman
68%
1986 - 1987 Choushinsei Flashman
68%
2006 - 2007 GoGo Sentai Boukenger
68%
1993 - 1994 Gosei Sentai Dairanger
68%
2011 - 2012 Kaizoku Sentai Gokaiger
68%
1989 - 1990 Kousoku Sentai Turboranger
68%
1992 - 1993 Kyoryu Sentai Zyuranger
68%
1994 - 1995 Ninja Sentai Kakuranger
68%
1998 - 1999 Seijuu Sentai Gingaman
68%
2015 - 2016 Shuriken Sentai Ninninger
68%
2010 - 2011 Tensou Sentai Goseiger
68%
1990 - 1991 Chikyuu Sentai Fiveman
65%
1988 - 1989 Choujuu Sentai Liveman
65%
1995 - 1996 Chouriki Sentai Ohranger
65%
1982 - 1983 Dai Sentai Goggle V
65%
1997 - 1998 Denji Sentai Megaranger
65%
1996 - 1997 Gekisou Sentai Carranger
65%
2007 - 2008 Juken Sentai Gekiranger
65%
2000 - 2001 Mirai Sentai Timeranger
65%
1980 - 1981 Denshi Sentai Denziman
61%
1987 - 1988 Hikari Sentai Maskman
61%
1983 - 1984 Kagaku Sentai Dynaman
61%
2002 - 2003 Ninpu Sentai Hurricaneger
61%
2014 - 2015 Ressha Sentai ToQger
61%
2012 - 2013 Tokumei Sentai Go-Busters
61%
2013 - 2014 Zyudern Sentai Kyoryuger
61%
1999 - 2000 Kyukyu Sentai GoGoV
58%
2020 - 2021 Mashin Sentai Kiramager
58%
2023 - 2024 Ohsama Sentai King-Ohger
58%
2022 - 2023 Avataro Sentai Donbrothers
55%
1985 - 1986 Dengeki Sentai Changeman
55%
2016 - 2017 Doubutsu Sentai Zyuohger
55%
1977 J.A.K.Q Dengekitai
55%
2021 - 2022 Kikai Sentai Zenkaiger
55%
2019 - 2020 Kishiryu Sentai Ryusoulger
55%
2017 - 2018 Uchu Sentai Kyuranger
55%
2018 - 2019 Kaitou Sentai Lupinranger VS Keisatsu Sentai Patranger
52%
No matching quizzes found
Score Distribution
Percent of People with Each Score
Percentile by Number Answered
Your Score History
You have not taken this quiz